| 000 | 00649cam a22002293a 4500 | ||
|---|---|---|---|
| 001 | 1019 | ||
| 003 | PGUSA | ||
| 005 | 20140828082955.0 | ||
| 008 | 970801s1997||||xxu|||||s|||||000 p eng d | ||
| 040 |
_aPGUSA _beng |
||
| 042 | _adc | ||
| 050 | 4 | _aPR | |
| 100 | 1 |
_aBrontë, Anne, _d1820-1849 |
|
| 245 | 1 | 0 |
_aPoems by Currer, Ellis, and Acton Bell _h[electronic resource] / _cAnne Brontë |
| 260 |
_bProject Gutenberg, _c1997 |
||
| 506 | _aPublic domain in the USA. | ||
| 516 | _aElectronic text | ||
| 653 | _aEnglish poetry -- 19th century | ||
| 830 | 0 |
_aProject Gutenberg _v1019 |
|
| 856 | 4 | 0 | _uhttp://www.gutenberg.org/ebooks/1019 |
| 942 | _cEB | ||
| 999 |
_c230370 _d230370 |
||